Leaders of Germany - Statistics

General Stats
  • This quiz has been taken 731 times
  • The average score is 8 of 13
Answer Stats
Years Title Name % Correct
1934 - 1945 Führer Adolf Hitler
98%
2005 - Chancellor of Germany Angela Merkel
89%
1888 - 1918 German Emperor Wilhelm II
84%
1871 - 1888 German Emperor Wilhelm I
80%
1925 - 1934 President of the Reich Paul von Hindenburg
63%
1949 - 1963 Chacellor of Germany Konrad Adenauer
62%
1982 - 1998 Chacellor of Germany Helmut Kohl
59%
1998 - 2005 Chacellor of Germany Gerhard Schröder
51%
1969 - 1974 Chacellor of Germany Willy Brandt
51%
1974 - 1982 Chacellor of Germany Helmut Schmidt
43%
1963 - 1966 Chacellor of Germany Ludwig Erhard
31%
1919 - 1925 President of the Reich Friedrich Ebert
30%
1966 - 1969 Chacellor of Germany Kurt Georg Kiesinger
29%
No matching quizzes found
Score Distribution
Percent of People with Each Score
Percentile by Number Answered
Your Score History
You have not taken this quiz